000 00556nab a2200205 a 4500
001 62507
003 134901
005 20201118105935.0
008 ||||||n9999 ||| || ||
041 _aspa
110 _aSeminario de Personal
245 0 _aAspectos salariales y de prestaciones (v2)
260 _aBogotá :
_bEscuela Superior de Administración Pública - ESAP,
_c1980.
300 _a67h v2
562 _e0
650 _aPRESTACIONES SOCIALES
650 _aSALARIOS
773 _062505
_aPrimer seminario de personal
942 _cANADO
999 _c62507
_d62507